Revolución en Santo Domingo / (Record no. 149161)

MARC details
000 -LEADER
campo de control de longitud fija 00580nam a2200193 4500
001 - NÚMERO DE CONTROL
campo de control 149161
003 - IDENTIFICADOR DE NÚMERO DE CONTROL
campo de control ES-MaACL
005 - FECHA Y HORA DE LA ÚLTIMA TRANSACCIÓN
campo de control 20230906202958.0
007 - CAMPO FIJO DE DESCRIPCIÓN FÍSICA--INFORMACIÓN GENERAL
campo de control de longitud fija t|
008 - DATOS DE LONGITUD FIJA--INFORMACIÓN GENERAL
campo de control de longitud fija 070214s1966 sp r ||||1| spa d
100 1# - ENTRADA PRINCIPAL--NOMBRE DE PERSONA
Nombre de persona Szulc, Tad.
9 (RLIN) 109002
245 10 - MENCIÓN DEL TÍTULO
Título Revolución en Santo Domingo /
Mención de responsabilidad, etc. Tad Szulc ; traducción de María Isabel Martino, Angel Ruiz Camps.
250 ## - MENCION DE EDICION
Mención de edición 1ª. ed.
260 ## - PUBLICACIÓN, DISTRIBUCIÓN, ETC.
Lugar de publicación, distribución, etc. Madrid :
Nombre del editor, distribuidor, etc. Cid,
Fecha de publicación, distribución, etc. 1966.
300 ## - DESCRIPCIÓN FÍSICA
Extensión 375 p. ;
Dimensiones 20 cm.
700 1# - ENTRADA AGREGADA--NOMBRE PERSONAL
Nombre de persona Martino, María Isabel.
9 (RLIN) 78502
700 1# - ENTRADA AGREGADA--NOMBRE PERSONAL
Nombre de persona Ruiz Camps, Angel.
9 (RLIN) 100686
852 ## - LOCALIZACIÓN
Ubicación ES-MaACL
Número de control de estantería C-30799
Sublocalización o colección R.61391
Holdings
Estatus retirado Estado de pérdida Estado de daño No para préstamo Biblioteca de origen Biblioteca actual Ubicación en estantería Fecha de adquisición Fuente de adquisición Total de préstamos Signatura topográfica completa Código de barras Visto por última vez Precio de reemplazo Tipo de ítem Koha
        Biblioteca del Ateneo de Madrid Biblioteca del Ateneo de Madrid Depósito 2 17/01/2008     C-30799 1155652 23/02/2023 23/02/2023 Libro impreso